000
00267 a2200109 4500
001
63383
082
_a
005.369 MIC
090
_c
37434
_d
37434
100
_a
Microsoft
245
_a
Getting Result with Microsoft Excel for Windows 95
_h
English
260
_b
Microsoft
942
_a
CAE NUST
_k
005.369 MIC
999
_c
298456
_d
298456